00946cam a2200229Ia 45000010005000000030008000050050017000130080039000300350035000690400053001040410008001570820027001651000030001922450076002222600063002983000025003615040051003866100046004376100019004836500043005027760171005454467BD-RjUL20211208233910.0131222s19681913ctu ob 001 0 eng a(OCoLC)58975632a(BD-RjUL)4502 aKWLbengcKWLdOCLCGdKWLdOCLCQdLLMC2dBD-RjUL aeng 221a342.7302bFAF 19681 aFarrand, Max,d1869-1945.14aThe framing of the Constitution of the United States /cby Max Farrand. aNew Haven :bYale University Press,cc1913 {Reprint 1968]. aix, 281 p. ;c22 cm. aIncludes bibliographical references and index.10aUnited States.bConstitutional Convention10aUnited States. 0aConstitutional historyzUnited States.08iPrint version:aFarrand, Max, 1869-1945.tFraming of the Constitution of the United States.dNew Haven : Yale University Press, 1913w(DLC) 13008095w(OCoLC)498174.